Statistics for Famous Canadian Authors Quiz

Click here to take the quiz!

General Stats

  • This quiz has been taken 51 times
  • The average score is 6 of 19

Answer Stats

Famous WorksAuthor% Correct
The Handmaid's Tale, The Blind AssassinMargaret Atwood
93%
Life of Pi, The High Mountains of PortugalYann Martel
71%
Love You Forever, The Paper Bag PrincessRobert Munsch
50%
A Bird in the House, The Stone AngelMargaret Laurence
46%
The Apprenticeship of Duddy Kravitz, Barney's VersionMordecai Richler
43%
Running in the Family, The English PatientMichael Ondaatje
39%
The Wars, The Piano Man's DaughterTimothy Findley
36%
Never Cry Wolf, People of the DeerFarley Mowat
32%
Sunshine Sketches of a Little Town, Arcadian Adventures with the Idle RichStephen Leacock
29%
Who Has Seen the Wind, The KiteW.O. Mitchell
29%
The Favorite Game, Beautiful LosersLeonard Cohen
25%
The Deptford Trilogy, The Cornish TrilogyRobertson Davies
25%
As For Me And My House, The Lamp at NoonSinclair Ross
25%
Boys and Girls, The Shining HousesAlice Munro
18%
The Boat, No Great MischiefAlistair MacLeod
18%
Windflower, The Tin FluteGabrielle Roy
18%
Obasan, The Splintered MoonJoy Kogawa
18%
The Mechanical Bride, The Medium is the Massage: An Inventory of EffectsMarshall McLuhan
14%
Truth and Bright Water, Medicine RiverThomas King
11%

Score Distribution

Percentile by Number Answered

Percent of People with Each Score

Your Score History

You have not taken this quiz